| 000 | 00438cam a2200169ua 4500 | ||
|---|---|---|---|
| 041 |
_aeng _h |
||
| 082 |
_a532.54 _bRAN/FL |
||
| 100 | _aRanga Raju, K G . | ||
| 245 |
_aFlow through open channels / _cK G Ranga Raju. _hTextual Documents |
||
| 250 |
_a1 / _b. |
||
| 260 |
_aNew Delhi : _bTata Mc-Graw Hill Publishing Company , _c1984. |
||
| 300 | _a330 ; . | ||
| 504 | _a | ||
| 942 | _cBK | ||
| 999 |
_c6730 _d6730 |
||